| 000 | 00710nam0a22002411 4500 | ||
|---|---|---|---|
| 001 | rc\38869 | ||
| 005 | 20250620154807.0 | ||
| 010 |
_a5-7024-0007-0 _950000 |
||
| 035 | _a(NLR Aleph) 005321392 | ||
| 090 |
_a6492269 _c6492269 |
||
| 100 | _a20021216d1992 |||y0rusy50 ca | ||
| 101 | 0 | _arus | |
| 102 | _aRU | ||
| 105 | _ay ||||||||| | ||
| 200 | 1 |
_aСамая долгая секунда _eРоман _e[Пер. с англ.] _fБ. Белинджер |
|
| 210 |
_aМ. _cМеждунар. журн. "Панорама" _d1992 |
||
| 215 |
_a141 с. _d17 |
||
| 700 | 1 |
_aБелинджер _bБ. _gБилл |
|
| 801 | 0 |
_aRU _bNLR _gpsbo |
|
| 801 | 1 |
_aRU _bELAR _2rusmarc |
|
| 852 |
_aNLR _j92-2/653 |
||
| 942 | _cBOOK | ||
| 980 | _aNB | ||